000 00932nas a2200301Ia 4500
001 51
003 CO-MdFUSB
005 20170410121155.0
008 151030s9999 gt 000 0 sp d
022 _a0104-0073
037 _bSeminario Teológico Centroamericano
040 _aCO-MdFUSB
_bspa
_cCO-MdFUSB
_dCO-MdFUSB
_erda
041 0 _aspa
_hspa
245 1 0 _aVox Scripturae :
_brevista teológica latinoamericana
_cSeminario Teológico Centroamericano
260 _aSeteca
264 _aGuatemala :
_bSeminario Teológico Centroamericano
300 _aVolumen 5 - 9
_c21 cm.
310 _aNo aplica
_b1995
336 _2rdacontent
_a1
_ba1
337 _2rdamedia
_a2
_b5
338 _a2
362 _a1995 - 1999
546 _aTexto en español y portugues
650 _vPublicaciones seriadas
773 _dSeteca, Guatemala : Seminario Teológico Centroamericano, 1995.
810 _hRevista
942 _cCR
_2ddc
_a3
999 _c49411
_d49411